000 00160nam a22000857a 4500
082 _a823
100 _aLEE, VIRGINIA
245 _aKATY AND THE BIF SHOW
942 _cBK
999 _c8133
_d8133